|
|
|
|
| LEADER |
01981nam a2200541 i 4500 |
| 001 |
nkc20152698038 |
| 003 |
CZ PrNK |
| 005 |
20170202154244.0 |
| 007 |
ta |
| 008 |
150504s2015 xr a b 000 f cze |
| 015 |
|
|
|a cnb002698038
|
| 020 |
|
|
|a 978-80-88066-04-0
|q (brožováno)
|
| 035 |
|
|
|a (OCoLC)975026012
|
| 040 |
|
|
|a BOA001
|b cze
|e rda
|
| 041 |
1 |
|
|a cze
|a eng
|h cze
|
| 072 |
|
7 |
|a 821-93
|x Literatura pro děti a mládež (beletrie)
|2 Konspekt
|9 26
|
| 080 |
|
|
|a 82-34
|2 MRF
|
| 080 |
|
|
|a 821-93
|2 MRF
|
| 080 |
|
|
|a (0:82-34)
|2 MRF
|
| 080 |
|
|
|a (0.027)=030
|2 MRF
|
| 245 |
0 |
0 |
|a Šípková Růženka =
|b Sleeping Beauty /
|c ilustrace - Kristýna Krejčová ; podle příběhu bratří Grimmů ; překlad: Stephen Hattersley
|
| 246 |
3 |
1 |
|a Sleeping Beauty
|
| 264 |
|
1 |
|a Praha :
|b Fantasos s.r.o.,
|c 2015
|
| 300 |
|
|
|a 10 nečíslovaných stran :
|b barevné ilustrace ;
|c 20 cm
|
| 336 |
|
|
|a text
|b txt
|2 rdacontent
|
| 336 |
|
|
|a statický obraz
|b sti
|2 rdacontent
|
| 337 |
|
|
|a bez média
|b n
|2 rdamedia
|
| 338 |
|
|
|a svazek
|b nc
|2 rdacarrier
|
| 490 |
1 |
|
|a Malé velké pohádky =
|a Little big tales ;
|v 3
|
| 500 |
|
|
|a Název z obálky
|
| 500 |
|
|
|a Anglicko-český slovník
|
| 546 |
|
|
|a Souběžný anglický text
|
| 655 |
|
7 |
|a pohádky
|7 fd133054
|2 czenas
|
| 655 |
|
7 |
|a publikace pro děti
|7 fd133156
|2 czenas
|
| 655 |
|
7 |
|a dvojjazyčná vydání
|7 fd194533
|2 czenas
|
| 655 |
|
9 |
|a fairy tales
|2 eczenas
|
| 655 |
|
9 |
|a children's literature
|2 eczenas
|
| 655 |
|
9 |
|a bilingual editions
|2 eczenas
|
| 700 |
1 |
|
|a Krejčová, Kristýna
|4 ill
|
| 700 |
1 |
|
|a Hattersley, Stephen
|7 jx20080919055
|4 trl
|
| 700 |
1 |
|
|a Grimm, Jacob Ludwig Karl,
|d 1785-1863
|7 jn19981228078
|4 ant
|
| 700 |
1 |
|
|a Grimm, Wilhelm Karl,
|d 1786-1859
|7 jn19990002900
|4 ant
|
| 830 |
|
0 |
|a Malé velké pohádky
|0 s
|
| 910 |
2 |
|
|a BOA001
|b 2-1370.899
|
| 990 |
|
|
|a BK
|
| 995 |
|
|
|a 01
|
| 991 |
|
|
|b 201607
|c NOV
|
| 996 |
6 |
|
|b 2610676157
|c 2-1370.899
|l MZK
|r Sklad / do 1 hodiny
|n 0
|p p.v.
|w 001569928
|u 000010
|a 1
|e BOA001
|j MZK50
|s P
|